6-Letter Boy Names by Decade Quiz Stats

 Plays Quiz Updated Jan 21, 2016

Score 0/130 Timer 08:00
15 Plays Today
% Correct
Robert
80%
Robert
80%
Robert
80%
Robert
80%
Robert
80%
Robert
80%
Robert
80%
Robert
80%
Robert
80%
Robert
80%
Robert
80%
Robert
80%
Robert
80%
Thomas
79.2%
Thomas
79.2%
Thomas
79.2%
Thomas
79.2%
Thomas
79.2%
Thomas
79.2%
Thomas
79.2%
Thomas
79.2%
Thomas
79.2%
Thomas
79.2%
Thomas
79.2%
Thomas
79.2%
George
77.3%
George
77.3%
George
77.3%
George
77.3%
George
77.3%
George
77.3%
George
77.3%
George
77.3%
George
77.3%
Steven
74.3%
Steven
74.3%
Steven
74.3%
Steven
74.3%
Andrew
72.1%
Andrew
72.1%
Andrew
72.1%
Andrew
72.1%
Andrew
72.1%
Daniel
71.7%
% Correct
Daniel
71.7%
Daniel
71.7%
Daniel
71.7%
Daniel
71.7%
Daniel
71.7%
Daniel
71.7%
Edward
67.8%
Edward
67.8%
Edward
67.8%
Edward
67.8%
Edward
67.8%
Edward
67.8%
Edward
67.8%
Edward
67.8%
Edward
67.8%
Edward
67.8%
Joseph
64%
Joseph
64%
Joseph
64%
Joseph
64%
Joseph
64%
Joseph
64%
Joseph
64%
Joseph
64%
Joseph
64%
Joseph
64%
Joseph
64%
Joseph
64%
Joseph
64%
Samuel
59.7%
Samuel
59.7%
Samuel
59.7%
Harold
59.4%
Harold
59.4%
Harold
59.4%
Donald
58.7%
Donald
58.7%
Donald
58.7%
Donald
58.7%
Donald
58.7%
Donald
58.7%
Joshua
57.1%
Joshua
57.1%
Joshua
57.1%
% Correct
Joshua
57.1%
Ronald
56.5%
Ronald
56.5%
Ronald
56.5%
Ronald
56.5%
Nathan
52.5%
Nathan
52.5%
Harold
51.9%
Albert
51.5%
Albert
51.5%
Albert
51.5%
Albert
51.5%
Albert
51.5%
Justin
50.3%
Justin
50.3%
Justin
50.3%
Justin
50.3%
Walter
47%
Walter
47%
Walter
47%
Walter
47%
Walter
47%
Walter
47%
Arthur
46.6%
Arthur
46.6%
Arthur
46.6%
Arthur
46.6%
Arthur
46.6%
Jordan
42.3%
Jeremy
39.3%
Jeremy
39.3%
Dennis
38.6%
Dennis
38.6%
Gerald
37.7%
Gerald
37.7%
Willie
31.5%
Willie
31.5%
Austin
31%
Austin
31%
Elijah
23.6%
Ernest
21.9%
Ernest
21.9%

You're not logged in!

Compare scores with friends on all Sporcle quizzes.
OR
Log In

Show Comments

Extras

Top Quizzes Today


Score Distribution

Your Account Isn't Verified!

In order to create a playlist on Sporcle, you need to verify the email address you used during registration. Go to your Sporcle Settings to finish the process.

Report this User

Report this user for behavior that violates our Community Guidelines.

Details: